| 000 | 00614nam a22002177a 4500 | ||
|---|---|---|---|
| 999 |
_c4389 _d4389 |
||
| 001 | 17148 | ||
| 003 | BD-DhUAP | ||
| 005 | 20201109112338.0 | ||
| 008 | 201109r20082006ii a b 001 0 eng | ||
| 020 | _a8173815062 | ||
| 040 |
_aBD-DhUAP _cBD-DhUAP _dBD-DhUAP _bEng |
||
| 082 | 0 | 0 |
_a530 KAR _223 |
| 100 | _aKar, R. K. | ||
| 245 | 1 | 0 |
_aEngineering physics / _cR. K. Kar. |
| 260 |
_aNew Delhi : _bNew central book agency (p) ltd., _cc2006 [Reprinted 2008]. |
||
| 300 |
_axviii, 600 pages : _billustrations ; _c24 cm. |
||
| 500 | _aIncludes index. | ||
| 650 | 0 | _aPhysics. | |
| 650 | 0 | _aEngineering. | |
| 942 |
_2ddc _cBK |
||